原神基础防御力最高的10个角色(更新至4.5) - Statistics

General Stats
  • This quiz has been taken 22 times
  • The average score is 6 of 13
Answer Stats
排名 基础防御力 角色 % Correct
1 959 荒泷一斗
100%
2 953 千织
67%
4 876 阿贝多
67%
10 799 诺艾尔
56%
10 799
44%
3 922 七七
39%
4 876 胡桃
39%
6 859 赛诺
28%
7 830 申鹤
28%
8 815 达达利亚
28%
10 799 刻晴
28%
10 799 辛焱
22%
9 807 枫原万叶
17%
No matching quizzes found
Score Distribution
Percent of People with Each Score
Percentile by Number Answered
Your Score History
You have not taken this quiz